[Event "13th BPB Limburg Open 2019"]
[Site "Maastricht"]
[Date "2019.06.09"]
[Round "4.10"]
[White "Sadzikowski, Daniel"]
[Black "Verhoef, Pieter"]
[Result "1-0"]
[WhiteElo "2510"]
[BlackElo "2136"]
[Annotator "TA"]
[PlyCount "77"]
[EventDate "2019.06.07"]
[EventCountry "NED"]
[SourceTitle "playchess.com"]
[Source "ChessBase"]
[SourceQuality "1"]

{[%evp 28,77,56,48,68,51,49,58,54,52,55,57,85,34,50,55,54,43,41,45,45,64,85,51,33,23,42,40,34,36,113,120,148,145,232,230,239,227,239,231,221,227,384,379,506,504,506,500,486,413,754,713]} 1. c4 c5 2. Nf3 g6 3. e4 Bg7 4. d4 cxd4 5. Nxd4 Nf6 6. Nc3 d6 7. Be2 O-O 8. O-O Nc6 9. Be3 Nxd4 10. Bxd4 a5 11. Rc1 Bd7 12. b3 Bc6 13. f3 Nd7 14. Be3 Nc5 15. Qd2 Qc7 {B38: Sicilian: Maroczy Bind with 5...Bg7 and 7...0-0} (15... e6 16. Nb5 Be5 17. Bg5 Qb6 18. Qe3 Bxb5 19. cxb5 Rfc8 20. Kh1 a4 21. b4 Nd7 22. Qd2 Qd4 23. Qxd4 Bxd4 {0-1 (39) Lenderman,A (2637)-Shimanov,A (2610) chess.com INT 2019}) 16. Rc2 b6 17. Rb1 Qb7 $146 {White is slightly better.} ({Predecessor:} 17... Rfc8 18. Bf1 Rab8 19. Rbc1 Qb7 20. Nd5 Bxd5 21. cxd5 Nd7 22. Bb5 Nc5 23. Rb1 {1-0 (34) Holinka,H (1976)-Righi,S (1781) Willingen 2016}) 18. Bf1 Rfd8 19. a3 e6 20. Qf2 ({White should try} 20. Bg5 $16) 20... d5 21. cxd5 ({Stronger than} 21. Bxc5 bxc5 22. Qe1 Bd4+ 23. Kh1 Bxc3 $19) 21... exd5 22. exd5 Bxd5 23. b4 ({But not} 23. Bxc5 bxc5 24. Nxd5 Rxd5 $15) 23... axb4 24. axb4 Nd7 25. Nxd5 Qxd5 26. Rd2 Qc6 27. Rbd1 {Black must now prevent Rd6.} Bf6 28. Rd6 $36 {[%mdl 2048] White fights for an advantage.} Qc7 {[#]} (28... Qb7 $1 $14) 29. Qd2 $1 $16 {[%cal Rd6d7]} Ne5 30. Bxb6 Qxd6 (30... Qxb6+ $16 {keeps fighting.} 31. Rxb6 Rxd2 32. Rxd2 Bg5) 31. Qxd6 $18 Rxd6 32. Rxd6 Be7 33. Rd5 Nc6 34. b5 {[%cal Bb4b5,Bb5b6][%mdl 32]} Bd8 $2 (34... Nd8 35. Be3 Nb7) 35. Bf2 ({Resist} 35. Bc5 Na5 $18) 35... Ne7 36. Rd7 Rb8 37. Ba7 Ra8 {If only Black now had time for ...Rxa7....} 38. b6 {[#] And now b7 would win.} Kg7 (38... Nc6 $142 39. b7 Rxa7 40. Rxd8+ Kg7) 39. Bb5 {Accuracy: White = 77%, Black = 39%.} 1-0

[Event "13th BPB Limburg Open 2019"]
[Site "Maastricht"]
[Date "2019.06.09"]
[Round "4.11"]
[White "Asadzade, Idris"]
[Black "Admiraal, Miguoel"]
[Result "0-1"]
[WhiteElo "2125"]
[BlackElo "2507"]
[Annotator "RC"]
[PlyCount "160"]
[EventDate "2019.06.07"]
[EventCountry "NED"]
[SourceTitle "playchess.com"]
[Source "ChessBase"]
[SourceQuality "1"]
[TimeControl "7200+15"]

1. d4 {[%emt 0:00:00]} d5 {[%emt 0:18:46]} 2. c4 {[%emt 0:00:08]} c6 {[%emt 0:00:18]} 3. Nc3 {[%emt 0:00:18]} Nf6 {[%emt 0:00:17]} 4. Nf3 {[%emt 0:00:29]} dxc4 {[%emt 0:00:30]} 5. a4 {[%emt 0:00:44]} Bf5 {[%emt 0:00:12]} 6. Ne5 {[%emt 0:00:35]} Nbd7 {[%emt 0:00:05]} 7. Nxc4 {[%emt 0:00:22]} Nb6 {[%emt 0:00:09]} 8. Ne5 {[%emt 0:00:38]} a5 {[%emt 0:00:04]} 9. f3 {[%emt 0:02:10]} Nfd7 {[%emt 0:00:06]} 10. Nxd7 {[%emt 0:07:24]} Nxd7 {[%emt 0:02:51]} 11. e4 {[%emt 0:00:09]} Bg6 {[%emt 0:00:04]} 12. Qb3 {[%emt 0:02:32]} e5 {[%emt 0:10:51]} 13. dxe5 {[%emt 0:04:42]} Bb4 {[%emt 0:00:09]} 14. Be3 {[%emt 0:07:11]} Nxe5 {[%emt 0:03:58]} 15. Bc4 {[%emt 0:03:22]} Qh4+ {[%emt 0:15:36]} 16. Bf2 {[%emt 0:16:44]} Qg5 {[%emt 0:01:08]} 17. Bf1 {[%emt 0:02:52]} Rd8 {[%emt 0:04:30]} 18. Qc2 {[%emt 0:06:38]} h5 {[%emt 0:06:21]} 19. h4 {[%emt 0:03:05]} Qf4 {[%emt 0:00:57]} 20. Qc1 {[%emt 0:01:32]} Qxc1+ {[%emt 0:09:31]} 21. Rxc1 {[%emt 0:00:05]} f6 {[%emt 0:00:03]} 22. Be3 {[%emt 0:06:13]} Bf7 {[%emt 0:01:47]} 23. Kf2 {[%emt 0:00:48]} Bb3 {[%emt 0:00:27]} 24. Ra1 {[%emt 0:05:22]} Kf7 {[%emt 0:06:45]} 25. Be2 {[%emt 0:04:04]} Nd7 {[%emt 0:12:18]} 26. Na2 {[%emt 0:03:07]} Bc5 {[%emt 0:00:26]} 27. Nc1 {[%emt 0:03:45]} Be6 {[%emt 0:01:19]} 28. Nd3 {[%emt 0:00:55]} Bxe3+ {[%emt 0:00:10]} 29. Kxe3 {[%emt 0:00:01]} Ke7 {[%emt 0:03:13]} 30. Rhd1 {[%emt 0:02:15]} Bc4 {[%emt 0:05:19]} 31. Nf4 {[%emt 0:01:33]} Bf7 {[%emt 0:00:07]} 32. Nd3 {[%emt 0:03:25]} Ra8 {[%emt 0:00:41]} 33. Rdc1 {[%emt 0:01:15]} Ra6 {[%emt 0:02:52]} 34. Ra3 {[%emt 0:02:16]} Rb6 {[%emt 0:00:13]} 35. Rcc3 {[%emt 0:02:13]} Rd8 {[%emt 0:05:38]} 36. f4 {[%emt 0:05:12]} Kd6 {[%emt 0:02:23]} 37. b3 {[%emt 0:03:43]} Re8 {[%emt 0:00:10]} 38. Bf3 {[%emt 0:02:57]} Bg6 {[%emt 0:03:14]} 39. Rc4 {[%emt 0:02:11]} Bf7 {[%emt 0:00:11]} 40. Rc3 {[%emt 0:00:35]} Bd5 {[%emt 0:01:00]} 41. Kd4 {[%emt 0:02:36]} c5+ {[%emt 0:01:10]} 42. Ke3 {[%emt 0:00:18]} Bxe4 {[%emt 0:00:40]} 43. Bxe4 {[%emt 0:00:02]} f5 {[%emt 0:00:01]} 44. Rc4 {[%emt 0:00:49]} fxe4 {[%emt 0:01:14]} 45. Rxe4 {[%emt 0:00:05]} Rxe4+ {[%emt 0:00:28]} 46. Kxe4 {[%emt 0:00:01]} Ke6 {[%emt 0:00:51]} 47. f5+ {[%emt 0:02:01]} Kd6 {[%emt 0:00:01]} 48. Nb2 {[%emt 0:00:25]} Nf6+ {[%emt 0:00:02]} 49. Kf4 {[%emt 0:00:12]} Rb4+ {[%emt 0:02:02]} 50. Nc4+ {[%emt 0:00:04]} Ke7 {[%emt 0:00:13]} 51. Kg5 {[%emt 0:01:26]} Kf8 {[%emt 0:00:34]} 52. Kf4 {[%emt 0:00:34]} Ke7 {[%emt 0:00:25]} 53. Kg5 {[%emt 0:00:20]} Kf7 {[%emt 0:00:23]} 54. Ne5+ {[%emt 0:00:46]} Kf8 {[%emt 0:00:23]} 55. Nc4 {[%emt 0:00:17]} Nd5 {[%emt 0:00:22]} 56. Kxh5 {[%emt 0:00:49]} Nf4+ {[%emt 0:00:05]} 57. Kg4 {[%emt 0:00:36]} Nxg2 {[%emt 0:00:12]} 58. Kg3 {[%emt 0:00:15]} Ne1 {[%emt 0:00:03]} 59. Nxa5 {[%emt 0:00:27]} Nc2 {[%emt 0:00:01]} 60. Ra2 {[%emt 0:00:26]} Nd4 {[%emt 0:00:01]} 61. Rf2 {[%emt 0:01:05]} b6 {[%emt 0:00:00]} 62. Nc4 {[%emt 0:00:40]} Nxb3 {[%emt 0:00:02]} 63. Rb2 {[%emt 0:00:35]} Ke7 {[%emt 0:01:31]} 64. Ne5 {[%emt 0:00:43]} Na5 {[%emt 0:00:02]} 65. Nd3 {[%emt 0:01:38]} Rxa4 {[%emt 0:00:20]} 66. Nf4 {[%emt 0:02:27]} Nc4 {[%emt 0:00:01]} 67. Rb3 {[%emt 0:00:30]} Kf6 {[%emt 0:00:26]} 68. Nd5+ {[%emt 0:00:11]} Kxf5 {[%emt 0:00:04]} 69. Nxb6 {[%emt 0:00:15]} Ra3 {[%emt 0:00:41]} 70. Rxa3 {[%emt 0:00:21]} Nxa3 {[%emt 0:00:01]} 71. Kf3 {[%emt 0:00:22]} Nb5 {[%emt 0:00:21]} 72. Nc4 {[%emt 0:00:47]} Nd4+ {[%emt 0:00:15]} 73. Ke3 {[%emt 0:00:08]} Kg4 {[%emt 0:00:22]} 74. Ne5+ {[%emt 0:00:04]} Kxh4 {[%emt 0:00:05]} 75. Nd7 {[%emt 0:00:04]} Ne6 {[%emt 0:00:24]} 76. Ke4 {[%emt 0:00:25]} g5 {[%emt 0:00:04]} 77. Ne5 {[%emt 0:00:24]} g4 {[%emt 0:00:13]} 78. Kd5 {[%emt 0:00:35]} g3 {[%emt 0:00:10]} 79. Nf3+ {[%emt 0:00:33]} Kg4 {[%emt 0:00:21]} 80. Ng1 {[%emt 0:00:04]} g2 {[%emt 0:00:28] Kd4} 0-1

[Event "13th BPB Limburg Open 2019"]
[Site "Maastricht"]
[Date "2019.06.09"]
[Round "4.12"]
[White "Vandenbussche, Thibaut"]
[Black "Warmerdam, Max"]
[Result "1/2-1/2"]
[WhiteElo "2442"]
[BlackElo "2475"]
[Annotator "TA"]
[PlyCount "66"]
[EventDate "2019.06.07"]
[EventCountry "NED"]
[SourceTitle "playchess.com"]
[Source "ChessBase"]
[SourceQuality "1"]

{[%evp 20,66,11,18,32,30,31,28,37,35,36,38,36,33,42,29,28,29,35,15,18,15,20,9,11,10,11,0,7,0,0,0,3,0,0,0,0,0,0,0,0,0,0,0,0,0,8,6,108]} 1. e4 c5 2. Nf3 d6 3. Bb5+ Bd7 4. Bxd7+ Qxd7 5. c4 Nf6 6. Nc3 g6 7. d4 cxd4 8. Nxd4 Bg7 9. b3 O-O 10. Bb2 Nc6 11. O-O a6 {B52: Sicilian: Moscow Variation with 3...Bd7} 12. Nxc6 Qxc6 13. Nd5 Nxd5 {White has an edge.} 14. exd5 Qc5 15. Bxg7 Kxg7 16. Re1 {[#]} Rae8 $146 ({Predecessor:} 16... e5 17. dxe6 fxe6 18. Qd2 Rf6 19. Rad1 {½-½ (46) Adams,M (2752)-Areshchenko,A (2720) Warsaw 2013}) 17. Qd2 e5 18. dxe6 Rxe6 19. Rad1 Rfe8 {The position is equal.} 20. Rxe6 Rxe6 $11 {[%mdl 4096] Endgame KQR-KQR} 21. g3 Qf5 22. Qc3+ Kg8 23. Kg2 (23. Rd4 {is more complex.} Re2 24. Rf4 Qe6 25. Qf3 b5 26. a3) 23... Qe4+ 24. Qf3 Qxf3+ 25. Kxf3 {KR-KR} Kf8 26. Rd4 Ke7 27. Re4 Re5 28. c5 Ke6 29. Rb4 Rxc5 30. Rxb7 Rc3+ 31. Kg2 Rc2 32. a4 Rc3 33. b4 Ke5 {Accuracy: White = 85%, Black = 83%.} (33... Rb3 $11) 1/2-1/2

[Event "13th BPB Limburg Open 2019"]
[Site "Maastricht"]
[Date "2019.06.09"]
[Round "5.1"]
[White "Bok, Benjamin"]
[Black "Van Foreest, Lucas"]
[Result "1-0"]
[WhiteElo "2638"]
[BlackElo "2522"]
[Annotator "TA"]
[PlyCount "109"]
[EventDate "2019.06.07"]
[EventCountry "NED"]
[SourceTitle "playchess.com"]
[Source "ChessBase"]
[SourceQuality "1"]

{[%evp 18,109,28,24,20,25,18,18,18,16,24,16,20,18,15,22,33,41,36,22,32,24,58,57,41,37,52,48,46,36,48,44,38,39,28,72,93,81,91,60,62,25,31,11,54,15,112,111,118,110,105,52,150,145,127,102,72,127,123,72,72,72,72,72,72,7,106,81,106,106,349,348,343,342,320,321,29962,29964,29959,29958,29954,11893,6203,0,372,365,5439,358,358,348,348,340,5222,83]} 1. c4 Nf6 2. Nf3 e6 3. g3 Be7 4. Bg2 d5 5. O-O O-O 6. b3 c5 7. cxd5 Nxd5 8. Bb2 Nc6 9. d4 cxd4 10. Nxd4 Bd7 {A14: English Opening: 1...e6 with b3 by White} (10... Nxd4 11. Qxd4 Bf6 12. Qd2 Bxb2 13. Qxb2 Rb8 14. Rd1 Qf6 15. Qd4 Qxd4 16. Rxd4 Nf6 17. Na3 b6 18. Nb5 a5 19. Rad1 {1-0 (66) Jones,G (2681)-Safarli,E (2662) Astana 2019}) 11. Na3 Nxd4 12. Qxd4 {[%csl Gb2][%cal Rd4g7][%mdl 64] Double Attack} Bf6 {The position is equal.} 13. Qd2 Bc6 14. Rfd1 Qe7 15. Bxf6 $146 ({Predecessor:} 15. Nc4 Rfd8 16. Ne5 Bb5 17. Ng4 Bg5 18. Qe1 h5 19. e4 {0-1 (36) Zygouris,H (2193)-Smerdon,D (2523) Aghios Kirykos 2015}) 15... Qxf6 16. Qe1 Qe7 17. Nc2 b6 18. Rac1 Rac8 19. e4 Nc7 20. Qb4 Qe8 21. Nd4 $36 {[%mdl 2048] White fights for an advantage.} Bb7 22. Qa3 Na6 23. e5 Bxg2 24. Kxg2 Rxc1 25. Rxc1 Qa8+ 26. Kg1 Rc8 27. Rxc8+ Qxc8 28. Nb5 {Strongly threatening Nd6.} Nb8 29. Nxa7 Qc3 30. Qa4 {[%cal Ra4e8]} g5 31. Qe4 (31. h4 $5 {[%cal Ra4e8]}) 31... Kg7 (31... Nd7 $11) 32. Qe3 $16 Qa1+ 33. Kg2 h6 34. a4 (34. Qxb6 $16 Nd7 35. Qd6 Nxe5 36. Qd2) 34... Qb1 (34... Nd7 $14) 35. Nc8 Nd7 36. Nxb6 Nxb6 37. Qxb6 {[%mdl 4096] Endgame KQ-KQ} Qe4+ 38. f3 ({White should try} 38. Kf1) 38... Qc2+ 39. Qf2 Qxb3 40. a5 {aiming for a6.} Qc4 41. g4 ({White should play} 41. Qd2 $16) 41... h5 (41... Kg8 $11 {remains equal.}) 42. Qe3 Qa2+ {[#]} 43. Kg3 $1 Kg6 $2 (43... hxg4 $16 44. Qxg5+ {[%mdl 64] Double Attack} Kf8) 44. gxh5+ $18 Kxh5 45. Qd3 {[%cal Rd3h7]} Kh6 46. Qd8 Qc4 $2 {[#]} (46... Kg7 $18 47. Qxg5+ Kf8 48. Qd8+ Kg7 49. Qg5+ Kf8 50. Qd8+ Kg7) 47. Qf6+ $1 Kh5 48. Qxf7+ Kh6 49. Qf6+ Kh5 50. Qf7+ $2 (50. Qg7 {[%cal Rg7h7]} Qf4+ 51. Kg2 Qd2+ 52. Kh3) 50... Kh6 51. Qf8+ Kh5 $2 (51... Kg6 52. Qf6+ Kh5) 52. Qe8+ $2 (52. Qg7 {[%cal Rg7h7]} Qf4+ 53. Kg2 Qd2+ 54. Kh3) 52... Kh6 53. Qh8+ Kg6 {intending ...Qf4+.} 54. Qg8+ Kf5 $2 (54... Kh6 55. Qh8+ Kg6 56. Qg8+ Kh6 57. Qh8+) 55. Qh7+ $2 {Accuracy: White = 57%, Black = 37%.} (55. Qg7 $18 {[%csl Ge5][%cal Rg7f6] and the rest is easy.} Qf4+ 56. Kg2 Qd2+ 57. Kh3 g4+ 58. Qxg4+ Kxe5 59. a6) 1-0

[Event "13th BPB Limburg Open 2019"]
[Site "Maastricht"]
[Date "2019.06.09"]
[Round "5.2"]
[White "Nasuta, Grzegorz"]
[Black "Donchenko, Alexander"]
[Result "1-0"]
[WhiteElo "2518"]
[BlackElo "2618"]
[Annotator "TA"]
[PlyCount "97"]
[EventDate "2019.06.07"]
[EventCountry "NED"]
[SourceTitle "playchess.com"]
[Source "ChessBase"]
[SourceQuality "1"]

{[%evp 11,101,0,-1,0,-4,-10,2,0,-11,0,25,29,71,26,16,5,12,25,18,18,78,78,72,88,88,0,0,0,0,-12,58,-52,-48,-123,-47,-158,0,-10,0,-37,-14,-15,-20,-95,-95,-106,-49,-58,-25,-84,-73,-84,-87,-60,-82,-170,-155,-174,-87,-77,-72,-180,-186,-227,-216,-224,-216,-310,-303,-281,-70,-73,43,33,60,38,34,25,29975,1480,29965,12805,3114,2552,29982,10800,29992,29991,29995,29996,29996,29994]} 1. e4 c5 2. Nc3 d6 3. f4 g6 4. Nf3 Bg7 5. Bc4 Nc6 6. O-O e6 7. d4 {B23: Closed Sicilian: Lines without g3} cxd4 8. Nb5 Nge7 9. Bb3 {The position is equal.} O-O 10. Nbxd4 b6 (10... Nxd4 11. Nxd4 a6 12. c3 b5 13. Be3 Qc7 14. Qd2 e5 15. fxe5 dxe5 {½-½ (50) Grischuk,A (2767)-Nepomniachtchi,I (2751) Moscow 2018}) 11. c3 Bb7 $146 {next ...Nxd4 is good for Black.} ({Predecessor:} 11... Ba6 12. Rf2 Nxd4 13. Nxd4 d5 14. f5 exf5 15. exf5 {0-1 (73) Barseghyan,A (2380)-Sychev,K (2537) Yerevan 2019}) 12. Nxe6 (12. f5 $5) 12... fxe6 13. Ng5 $1 {[%cal Rg5e6]} d5 {...Bc8 is the strong threat.} 14. Nxe6 {[%mdl 64] Double Attack} Qd6 $1 {[%cal Rd6e6]} 15. c4 Bc8 (15... Ba6 $11 16. cxd5 Bxf1) 16. Nxf8 $16 {[%cal Rc4d5]} Qc5+ {[%mdl 64] Double Attack} 17. Kh1 {[%cal Rc4d5]} dxc4 18. Bc2 (18. f5 $16 Bxf8 19. f6 cxb3 20. Qxb3+ Kh8 21. fxe7 Qxe7 22. Bg5 $1 {[%mdl 512]} (22. Qc3+ Bg7 $16)) 18... Bxf8 $11 {[#]} 19. f5 $1 {[%mdl 512]} Ne5 (19... gxf5 20. exf5) 20. Bf4 Bb7 {[#]} (20... gxf5 21. exf5 Bb7 22. Qe2 $16) (20... N7c6 $11) 21. Qe1 ({White has to play} 21. b4 $1 $14 {[%mdl 512]} Qc7 (21... Qxb4 22. Bxe5) 22. f6) 21... Bg7 22. Qh4 (22. Rc1 $15) 22... Rf8 ({Black should try} 22... gxf5 $1 $17 23. exf5 Nd3) 23. Rad1 (23. Be3 $15 Bf6 24. Qg3) 23... Bf6 (23... gxf5 $17 {White must now prevent ...N7g6.} 24. Qh3 (24. Bxe5 Ng6 $17 {[%mdl 64] Double Attack}) 24... Nd3 25. Bxd3 cxd3) 24. Qg3 $1 Kg7 25. Qh3 {Strongly threatening Bh6+.} g5 26. Qg3 $1 h6 $36 {[%mdl 2048] Black has the initiative.} 27. Be3 (27. h4 $11) 27... Qc7 $1 $17 28. Rd2 Bc6 (28... N7c6 $1 $17 29. a3 Rd8) 29. Rfd1 $15 Nc8 30. h4 (30. b3 $11 {remains equal.}) 30... Qe7 $17 31. Kg1 Kf7 32. hxg5 hxg5 33. Kf2 (33. b3 $17 {was worth a try.}) 33... Rh8 $19 34. Kg1 {[#]} Kg7 (34... b5 $1 $19 35. Bf2 b4) 35. a3 b5 36. Bb1 (36. b3 $17) 36... a5 {[%cal Ba7a5,Ba5b4][%mdl 32]} 37. Rd4 b4 38. axb4 axb4 39. b3 (39. R1d2 {was called for.}) 39... c3 ({But not} 39... cxb3 40. R1d2 $19) 40. Bc2 Rh5 $2 (40... Kf7 $19 {Hoping for ...Rh4.} 41. Rd5 Bxd5 42. Rxd5 Qc7) 41. Rd8 $1 $15 {[%cal Rd8c8]} Qb7 (41... Bb7 $17) 42. Bd4 $1 $14 {[%cal Rd4e5]} Nf7 43. Bxf6+ Kxf6 {[#]} 44. e5+ $1 {[%mdl 512]} Kg7 $2 {[%mdl 8192]} (44... Nxe5 $11 45. Qe3 Qa7 46. Qxa7 Nxa7) 45. f6+ Kh6 {[#]} 46. Qd3 $1 {[%csl Gc2][%cal Rd3h7][%mdl 512]} Qa7+ 47. Rd4 {[%csl Gc2][%cal Rd3h7,Bd8d4,Bd4d7,Bd7c7][%mdl 32]} ({Avoid the trap} 47. Kf1 $2 {[#]} Bb5 $1 $19 {[%mdl 512]}) 47... Nxe5 {[#]} 48. Qf5 $1 {[%csl LRc8,LRe5][%mdl 576] f7 would kill now. Double Attack} Qc7 {[#]} 49. f7 {Played: Rd4-d7} 1-0

[Event "13th BPB Limburg Open 2019"]
[Site "Maastricht"]
[Date "2019.06.09"]
[Round "5.5"]
[White "Klein, Felix"]
[Black "Sadzikowski, Daniel"]
[Result "0-1"]
[WhiteElo "2328"]
[BlackElo "2510"]
[Annotator "ChessBase"]
[PlyCount "52"]
[EventDate "2019.06.07"]
[EventCountry "NED"]
[SourceTitle "playchess.com"]
[Source "ChessBase"]
[SourceQuality "1"]
[TimeControl "7200+15"]

1. e4 {[%emt 0:04:42]} e5 {[%emt 0:00:00]} 2. Nf3 {[%emt 0:00:11]} Nc6 {[%emt 0:00:02]} 3. Bb5 {[%emt 0:00:03]} a6 {[%emt 0:00:04]} 4. Ba4 {[%emt 0:00:03]} Nf6 {[%emt 0:00:05]} 5. O-O {[%emt 0:00:08]} Be7 {[%emt 0:00:10]} 6. Re1 {[%emt 0:00:12]} b5 {[%emt 0:00:05]} 7. Bb3 {[%emt 0:00:03]} d6 {[%emt 0:00:07]} 8. c3 {[%emt 0:00:30]} O-O {[%emt 0:00:07]} 9. d4 {[%emt 0:00:57]} Bg4 {[%emt 0:00:07]} 10. Be3 {[%emt 0:00:07]} Bh5 {[%emt 0:01:15]} 11. Nbd2 {[%emt 0:07:33]} exd4 {[%emt 0:02:32]} 12. cxd4 {[%emt 0:00:21]} Na5 {[%emt 0:00:02]} 13. Bc2 {[%emt 0:00:56]} c5 {[%emt 0:00:13]} 14. d5 {[%emt 0:09:02]} Ng4 {[%emt 0:09:13]} 15. Bf4 {[%emt 0:02:03]} Ne5 {[%emt 0:01:03]} 16. b3 {[%emt 0:02:18]} Bf6 {[%emt 0:04:14]} 17. Rc1 {[%emt 0:04:33]} c4 {[%emt 0:00:13]} 18. Nf1 {[%emt 0:05:44]} Bxf3 {[%emt 0:11:02]} 19. gxf3 {[%emt 0:00:10]} Ng6 {[%emt 0:07:17]} 20. Be3 {[%emt 0:06:16]} Bc3 {[%emt 0:08:42]} 21. Ng3 {[%emt 0:10:18]} Bxe1 {[%emt 0:05:10]} 22. Qxe1 {[%emt 0:01:21]} Nh4 {[%emt 0:00:06]} 23. Qe2 {[%emt 0:01:23]} cxb3 {[%emt 0:15:57]} 24. axb3 {[%emt 0:00:13]} Rc8 {[%emt 0:00:55]} 25. f4 {[%emt 0:01:26]} Rc3 {[%emt 0:04:21]} 26. Bd4 {[%emt 0:07:01]} Nf3+ {[%emt 0:01:01] Be3 Nh4} 0-1

[Event "13th BPB Limburg Open 2019"]
[Site "Maastricht"]
[Date "2019.06.09"]
[Round "5.9"]
[White "Dambacher, Martijn"]
[Black "Ernst, Sipke"]
[Result "1/2-1/2"]
[WhiteElo "2511"]
[BlackElo "2541"]
[Annotator "TA"]
[PlyCount "118"]
[EventDate "2019.06.07"]
[EventCountry "NED"]
[SourceTitle "playchess.com"]
[Source "ChessBase"]
[SourceQuality "1"]

{[%evp 11,118,31,55,46,67,60,70,70,42,40,62,24,41,30,49,25,39,-13,-6,-18,-14,-15,-19,-10,0,-2,0,-17,41,9,11,21,21,23,18,20,20,13,160,153,336,316,297,300,668,231,190,97,103,91,120,0,0,0,129,0,0,0,0,-114,-126,-119,-129,-79,-8,-8,-8,-8,-8,-8,-8,-8,-8,-8,-8,-8,-8,-8,-8,-8,-8,-8,-8,-8,-8,-354,-8,-8,-8,-8,-8,-8,-8,-8,-8,-8,-8,-8,-8,-8,-8,-8,-8,-8,-8,-8,-8,-8,-8]} 1. d4 d6 2. e4 g6 3. c4 Bg7 4. Nc3 Nf6 5. f3 O-O 6. Nge2 e5 7. d5 {E81: King's Indian: Sämisch: 6th move deviations (including 6 Be3 c6)} (7. Bg5 c6 8. Qd2 Nbd7 9. d5 h6 10. Be3 cxd5 11. cxd5 a6 12. Nc1 b5 13. Be2 Nb6 14. O-O Kh7 15. b4 Nh5 16. a4 Nc4 17. Bxc4 bxc4 {0-1 (48) Ponomariov,R (2733)-Radjabov,T (2740) Medias 2010}) 7... a5 8. Bg5 h6 9. Be3 {White is slightly better.} Na6 10. Qd2 h5 11. g3 $146 ({Predecessor:} 11. h3 Nh7 12. g4 Qh4+ 13. Bf2 Qf6 14. gxh5 Ng5 15. Ng1 Nxf3+ 16. Nxf3 Qxf3 {0-1 (27) De Sousa,J (2285)-Rocha,S (2400) Loures 1996}) 11... Nd7 12. Bg2 Ndc5 13. O-O Bd7 14. Nc1 (14. Bg5 $14 Qe8 15. Be3) 14... f5 $11 15. exf5 gxf5 16. Nd3 Nxd3 17. Qxd3 h4 18. g4 $1 Qe7 19. Qe2 Kh7 (19... e4 $11) 20. gxf5 Bxf5 21. Ne4 Bh6 22. Bxh6 Kxh6 23. Qe3+ Kg7 24. Kh1 Kh8 (24... h3 $11 {remains equal.} 25. Bxh3 Bxh3 26. Rg1+ Kh8 27. Qh6+ {[%mdl 64] Double Attack} Qh7 28. Qxh7+ Kxh7 29. Ng5+ {[%mdl 64] Double Attack} Kh6 30. Nxh3 Rxf3) 25. f4 $16 h3 $2 (25... Nb4 $16 {keeps fighting.}) 26. Bxh3 $18 Bxe4+ 27. Qxe4 Qh4 $2 (27... Qh7 28. Qe3 (28. Qxh7+ Kxh7 29. fxe5 Rxf1+ 30. Rxf1 dxe5 $16) 28... Nc5 29. fxe5 Qe4+ 30. Qxe4 Nxe4) 28. Be6 $2 (28. Bf5) 28... Nc5 29. Qg2 ({Better is} 29. Qe3 $1 $18 {Strongly threatening Rf3.} Nxe6 30. dxe6) 29... Nd3 $16 30. fxe5 dxe5 31. Qg3 Qe4+ 32. Qg2 Qh4 33. Qh3 (33. Bf5 $1 $16 {[%cal Rf5d3]} e4 34. Qg1) 33... Qxh3 $11 34. Bxh3 e4 35. Bf5 {[#]} (35. Rxf8+ $11 Rxf8 36. Bf1) 35... Rf6 $1 $17 36. h4 {[#]} Raf8 $1 37. Bh3 e3 (37... Nf2+ $17 38. Kh2 Rf4) 38. Rxf6 $11 Rxf6 39. Bf1 $132 {[%mdl 2048] [#] White is fighting back} Rxf1+ $1 {[%mdl 512]} 40. Rxf1 {[%mdl 4096] Endgame KR-KN} e2 41. Rg1 e1=Q 42. Rxe1 Nxe1 {KN-KP} 43. c5 $1 {Hoping for d6.} Kg7 {...Nd3 is the strong threat.} 44. d6 cxd6 45. cxd6 Kf6 {aiming for ...Nd3.} 46. h5 Nf3 {Threatens to win with ...Ne5.} 47. Kg2 Ne5 {White must now prevent ...Kg5.} 48. h6 $2 {[%mdl 8192]} (48. Kf2 $11) 48... Nf7 $2 ({Black should try} 48... Kg6 $19 49. Kf2 Nc6) 49. d7 {The position is equal.} Kg6 50. Kf3 Ne5+ {[%mdl 64] Double Attack} 51. Ke4 Nxd7 {KN-K3P} 52. Kd5 Nb6+ 53. Kc5 Nc8 (53... Na8 {is interesting.} 54. Kb5 Kxh6 55. Kxa5 Kg7 56. Kb5 Kf6) 54. Kb5 Kxh6 55. Kxa5 Kg6 56. Kb5 Kf6 57. a4 Ke6 58. a5 Kd7 59. a6 bxa6+ {Accuracy: White = 50%, Black = 49%.} 1/2-1/2

[Event "13th BPB Limburg Open 2019"]
[Site "Maastricht"]
[Date "2019.06.10"]
[Round "6.2"]
[White "Van Wely, Loek"]
[Black "Bok, Benjamin"]
[Result "1/2-1/2"]
[WhiteElo "2604"]
[BlackElo "2638"]
[Annotator "TA"]
[PlyCount "52"]
[EventDate "2019.06.07"]
[EventCountry "NED"]
[SourceTitle "playchess.com"]
[Source "ChessBase"]
[SourceQuality "1"]

{[%evp 21,52,0,0,0,17,0,0,0,0,0,0,0,0,0,14,0,0,0,9,14,10,8,10,0,0,0,0,0,0,0,0,0,0]} 1. d4 Nf6 2. Nf3 $146 ({Predecessor:} 2. c4 e6 3. Nf3 b6 4. g3 c6 5. Bg2 d5 6. Qc2 Be7 7. O-O O-O 8. Bf4 Nbd7 9. Rd1 Nh5 10. Bc1 Nhf6 11. Nc3 Ba6 12. b3 Rc8 13. e4 dxc4 {0-1 (48) Nyback,T (2644)-Kovalyov,A (2557) ICC INT 2009}) 2... d5 3. c4 e6 4. g3 Bb4+ 5. Bd2 Be7 6. Bg2 O-O 7. O-O c6 8. Qc2 Nbd7 9. Rd1 b6 10. b3 Ba6 11. Bf4 Rc8 {The position is equal.} 12. Nc3 {E15: Queen's Indian: 4 g3 sidelines, 4 g3 Ba6 and 4 g3 Bb7 early deviations} dxc4 13. e4 Bb4 14. Nd2 Qe7 15. Nxc4 Bxc4 16. bxc4 {With the idea e5.} e5 17. dxe5 Nxe5 18. Ne2 Bc5 19. Nd4 Rfd8 20. Nb3 h6 21. Nxc5 Qxc5 22. Rac1 {[%cal Ba1c1,Bc1c2,Bc2d2][%mdl 32]} Rxd1+ 23. Qxd1 Re8 24. h3 Qa3 25. Rc2 Qd3 26. Rd2 Qxc4 {Accuracy: White = 85%, Black = 90%.} 1/2-1/2